Statistics for NBA Players with most 50-Point Games

Click here to take the quiz!

General Stats

  • This quiz has been taken 147 times
  • The average score is 16 of 28

Answer Stats

GamesPlayer% Correct
31Michael Jordan
98%
30Wilt Chamberlain
97%
10LeBron James
94%
25Kobe Bryant
92%
3Jerry West
81%
4James Harden
77%
4Kevin Durant
75%
5Stephen Curry
75%
3Shaquille O'Neal
74%
10Kareem Abdul-Jabbar
74%
4Karl Malone
72%
4Moses Malone
72%
4Larry Bird
70%
3Dwyane Wade
65%
11Allen Iverson
63%
3David Robinson
60%
4Carmelo Anthony
52%
4Tracy McGrady
43%
5George Gervin
35%
6Pete Maravich
31%
14Rick Barry
29%
7Dominique Wilkins
29%
6Adrian Dantley
23%
4Bob McAdoo
21%
8Bernard King
21%
3Gilbert Arenas
17%
4Nate Archibald
10%
3Jamal Crawford
7%

Score Distribution

Percentile by Number Answered

Percent of People with Each Score

Your Score History

You have not taken this quiz